Societies registration act : (Record no. 134569)

MARC details
000 -LEADER
fixed length control field 00751nam a22002537a 4500
005 - DATE AND TIME OF LATEST TRANSACTION
control field 20170124110229.0
010 ## - LIBRARY OF CONGRESS CONTROL NUMBER
LC control number A-700047
020 ## - INTERNATIONAL STANDARD BOOK NUMBER
Terms of availability 350.00
International Standard Book Number 8185470715
035 ## - SYSTEM CONTROL NUMBER
System control number A-700047
037 ## - SOURCE OF ACQUISITION
Source of stock number/acquisition Cen Lib/Ret
040 ## - CATALOGING SOURCE
Original cataloging agency DPL
Language of cataloging EN
082 ## - DEWEY DECIMAL CLASSIFICATION NUMBER
Classification number 346.06
Item number SAS
100 ## - MAIN ENTRY--PERSONAL NAME
Personal name Sastri, L.S.
9 (RLIN) 41127
245 ## - TITLE STATEMENT
Title Societies registration act :
Statement of responsibility, etc by S.L. Sastri
Remainder of title central and states /
246 ## - VARYING FORM OF TITLE
Remainder of title
250 ## - EDITION STATEMENT
Edition statement 9nd ed
260 ## - PUBLICATION, DISTRIBUTION, ETC. (IMPRINT)
Name of publisher, distributor, etc The Law Book Conmpany
Place of publication, distribution, etc Allahabad
Date of publication, distribution, etc 1995
270 ## - ADDRESS
City Allahabad
Address 1-004, sardar patel marg
Postal code 211001
300 ## - PHYSICAL DESCRIPTION
Extent xxiv, 479p.
Dimensions 23cm(Hb)
500 ## - GENERAL NOTE
General note Includes appendix and index
650 ## - SUBJECT ADDED ENTRY--TOPICAL TERM
Topical term or geographic name as entry element Law
9 (RLIN) 104
650 ## - SUBJECT ADDED ENTRY--TOPICAL TERM
Topical term or geographic name as entry element Societies registration act
9 (RLIN) 41128
942 ## - ADDED ENTRY ELEMENTS (KOHA)
Source of classification or shelving scheme Dewey Decimal Classification
Koha item type English Books
Classification part 346.06
Call number suffix SAS
Holdings
Withdrawn status Lost status Damaged status Not for loan Collection code Home library Current library Date acquired Source of acquisition Cost, normal purchase price Total Checkouts Full call number Barcode Date last seen Copy number Cost, replacement price Price effective from Koha item type
      Not For Loan Reference Central Library Central Library 30/07/2015 Cen Lib/Ret 350.00   346.06 SAS A-700047 30/07/2015 1 350.00 30/07/2015 English Books

© Delhi Public Library
Hit Counter
free hit counter